MARC

LEADER 00000nam0a2200000 4500
001 40777
005 20231031013338.0
010 |a 5206006009 
035 |a (RuTPU)RU\TPU\book\41839 
090 |a 40777 
100 |a 20020522d2002 m y0rusy50 ca 
101 0 |a rus 
102 |a RU 
105 |a a j 000zy 
200 1 |a Электронная коммерция  |e учебное пособие  |f А. В. Волокитин, А. П. Маношкин, А. В. Солдатенков и др.  |g Под ред. Л. Д. Реймана 
210 |a Москва  |c Фиорд-ИНФО  |d 2002 
215 |a 272 с.  |c ил. 
225 1 |a Современные информационные технологии для управленческого персонала 
320 |a Библиогр.: с. 263-267. 
320 |a Перечень популярных ресурсов Интернет по электронной коммерции и смежным обл.: с. 261-262. 
610 1 |a экономика 
610 1 |a торговля 
610 1 |a коммерция 
610 1 |a электронная коммерция 
610 1 |a Web-страницы 
610 1 |a реклама 
610 1 |a Интернет 
610 1 |a маркетинг 
610 1 |a информационная безопасность 
610 1 |a нормативно-правовые основы 
610 1 |a сертификация 
610 1 |a учебные пособия 
686 |a У9(2)42я73  |v LBC/SL-A  |2 rubbk 
701 1 |a Волокитин  |b А. В.  |g Александр Владимирович 
701 1 |a Маношкин  |b А. П.  |g Александр Павлович 
701 1 |a Солдатенков  |b А. В.  |g Александр Викторович 
701 1 |a Савченко  |b С. А.  |g Сергей Андреевич 
701 1 |a Петров  |b Ю. А.  |g Юрий Александрович 
701 1 |a Лопаткин  |b С. В.  |g Сергей Владимирович 
702 1 |a Рейман  |b Л. Д.  |g Леонид Дододжонович  |4 340 
801 1 |a RU  |b 63413507  |c 20020522  |g PSBO 
801 2 |a RU  |b 63413507  |c 20120215  |g PSBO 
900 |a Информационные технологии в электронной коммерции 
942 |c BK